[Event "MMM"]
[Site "Galaxy Gesia 22a - Krakow"]
[Date "2022.06.18"]
[Round "5.24"]
[White "Smetek, Michal"]
[Black "Wilk, Tomasz"]
[Result "1-0"]
[BlackElo "1910"]
[WhiteElo "1805"]
[LiveChessVersion "1.4.8"]

1. d4 {[%clk 1:30:58]} g6 {[%clk 1:30:15]} 2. c4 {[%clk 1:29:49]} Bg7
{[%clk 1:30:38]} 3. e4 {[%clk 1:29:48]} c5 {[%clk 1:29:56]} 4. d5
{[%clk 1:29:27]} d6 {[%clk 1:29:50]} 5. Nc3 {[%clk 1:28:06]} e6 {[%clk 1:28:05]}
6. f4 {[%clk 1:22:53]} Ne7 {[%clk 1:25:14]} 7. dxe6 {[%clk 1:19:13]} Bxe6
{[%clk 1:25:31]} 8. Nf3 {[%clk 1:11:00]} Nbc6 {[%clk 1:22:09]} 9. Be3
{[%clk 1:01:26]} O-O {[%clk 1:19:05]} 10. Bd3 {[%clk 0:47:26]} Nd4
{[%clk 1:17:07]} 11. Bxd4 {[%clk 0:42:22]} cxd4 {[%clk 1:17:29]} 12. Nd5
{[%clk 0:34:45]} f5 {[%clk 1:10:44]} 13. Ng5 {[%clk 0:29:17]} Bd7
{[%clk 1:05:34]} 14. O-O {[%clk 0:27:18]} h6 {[%clk 1:05:01]} 15. Nf3
{[%clk 0:27:19]} Nxd5 {[%clk 1:01:56]} 16. exd5 {[%clk 0:26:56]} Re8
{[%clk 1:01:04]} 17. Re1 {[%clk 0:19:03]} Qf6 {[%clk 0:58:38]} 18. Qd2
{[%clk 0:18:56]} b6 {[%clk 0:53:17]} 19. Rxe8+ {[%clk 0:15:02]} Rxe8
{[%clk 0:53:41]} 20. Re1 {[%clk 0:15:26]} Re3 {[%clk 0:51:12]} 21. Rxe3
{[%clk 0:12:51]} dxe3 {[%clk 0:51:37]} 22. Qxe3 {[%clk 0:13:13]} Qxb2
{[%clk 0:51:59]} 23. h4 {[%clk 0:08:41]} Bf6 {[%clk 0:49:48]} 24. Kh2
{[%clk 0:05:55]} Qc3 {[%clk 0:49:38]} 25. Qe2 {[%clk 0:04:45]} a5
{[%clk 0:49:40]} 26. h5 {[%clk 0:03:06]} g5 {[%clk 0:49:56]} 27. fxg5
{[%clk 0:03:06]} hxg5 {[%clk 0:50:16]} 28. g3 {[%clk 0:00:50]} g4
{[%clk 0:49:10]} 29. Ne1 {[%clk 0:00:52]} Bg5 {[%clk 0:47:20]} 30. Ng2
{[%clk 0:00:51]} Qe5 {[%clk 0:47:09]} 31. Qf2 {[%clk 0:01:10]} b5
{[%clk 0:45:15]} 32. cxb5 {[%clk 0:00:58]} Qxd5 {[%clk 0:45:40]} 33. Qe2
{[%clk 0:00:44]} Qf7 {[%clk 0:45:25]} 34. Kg1 {[%clk 0:00:47]} Qxh5
{[%clk 0:45:16]} 35. b6 {[%clk 0:00:42]} Bf6 {[%clk 0:44:07]} 36. Qe3
{[%clk 0:00:37]} Qe8 {[%clk 0:33:50]} 37. Qxe8+ {[%clk 0:00:36]} Bxe8
{[%clk 0:34:16]} 38. b7 {[%clk 0:00:34]} Bd4+ {[%clk 0:34:42]} 39. Kf1
{[%clk 0:00:51]} Ba7 {[%clk 0:35:07]} 40. Bxf5 {[%clk 0:00:32]} Bb5+
{[%clk 0:33:10]} 41. Ke1 {[%clk 0:00:53]} Bc6 {[%clk 0:33:35]} 42. Ne3
{[%clk 0:00:41]} Bxb7 {[%clk 0:33:58]} 43. Nxg4 {[%clk 0:00:39]} Bd5
{[%clk 0:33:54]} 44. Nf6+ Bb7 45. Ng4 Kg7 1-0

[Event "MMM"]
[Site "Galaxy Gesia 22a - Krakow"]
[Date "2022.06.18"]
[Round "5.25"]
[White "Kania, Franciszek"]
[Black "Stepien, Jaroslaw"]
[Result "1-0"]
[BlackElo "1857"]
[WhiteElo "1615"]
[LiveChessVersion "1.4.8"]

1. e4 {[%clk 1:30:57]} e5 {[%clk 1:27:43]} 2. Nf3 {[%clk 1:31:15]} Nc6
{[%clk 1:28:07]} 3. Bc4 {[%clk 1:31:40]} Nf6 {[%clk 1:28:29]} 4. d3
{[%clk 1:31:59]} Bc5 {[%clk 1:28:53]} 5. O-O {[%clk 1:32:22]} d6 {[%clk 1:29:16]}
6. c3 {[%clk 1:32:44]} Bg4 {[%clk 1:29:30]} 7. Nbd2 {[%clk 1:32:06]} O-O
{[%clk 1:29:45]} 8. h3 {[%clk 1:32:18]} Bh5 {[%clk 1:30:01]} 9. Bb3
{[%clk 1:32:26]} d5 {[%clk 1:29:20]} 10. Qe2 {[%clk 1:31:50]} Re8
{[%clk 1:29:15]} 11. Re1 {[%clk 1:31:45]} a5 {[%clk 1:28:41]} 12. Nf1
{[%clk 1:31:32]} Bg6 {[%clk 1:27:46]} 13. Ng3 {[%clk 1:31:47]} a4
{[%clk 1:27:49]} 14. Bc2 {[%clk 1:32:08]} Nh5 {[%clk 1:27:25]} 15. Nxh5
{[%clk 1:28:38]} Bxh5 {[%clk 1:25:04]} 16. g4 {[%clk 1:28:49]} Bg6
{[%clk 1:25:23]} 17. Bg5 {[%clk 1:24:23]} Qd7 {[%clk 1:22:22]} 18. Rad1
{[%clk 1:22:04]} h5 {[%clk 1:19:57]} 19. Nh2 {[%clk 1:21:15]} hxg4
{[%clk 1:19:06]} 20. hxg4 {[%clk 1:21:09]} d4 {[%clk 1:06:22]} 21. Bc1
{[%clk 1:01:58]} a3 {[%clk 1:04:59]} 22. b4 {[%clk 1:02:09]} dxc3
{[%clk 1:05:04]} 23. d4 {[%clk 0:47:25]} Nxd4 {[%clk 1:03:08]} 24. Qd3
{[%clk 0:46:26]} Bxb4 {[%clk 1:03:08]} 25. f4 {[%clk 0:42:39]} Qb5
{[%clk 0:51:26]} 26. Qxb5 {[%clk 0:37:27]} Nxb5 {[%clk 0:48:27]} 27. f5
{[%clk 0:37:51]} Bh7 {[%clk 0:48:25]} 28. Nf3 {[%clk 0:36:45]} Rad8
{[%clk 0:38:50]} 29. Be3 {[%clk 0:27:42]} Nd4 {[%clk 0:32:27]} 30. Nxd4
{[%clk 0:27:02]} exd4 {[%clk 0:32:54]} 31. Rxd4 {[%clk 0:26:25]} Rxd4
{[%clk 0:31:27]} 32. Bxd4 {[%clk 0:26:50]} Rd8 {[%clk 0:30:56]} 33. Be3
{[%clk 0:26:46]} Ba5 {[%clk 0:29:46]} 34. Kg2 {[%clk 0:23:02]} Bb6
{[%clk 0:30:10]} 35. Bf4 {[%clk 0:23:11]} Kf8 {[%clk 0:24:36]} 36. e5
{[%clk 0:17:21]} Bg8 {[%clk 0:10:40]} 37. f6 {[%clk 0:16:04]} Rd4
{[%clk 0:06:03]} 38. Kf3 {[%clk 0:15:02]} Ke8 {[%clk 0:06:11]} 39. fxg7
{[%clk 0:14:46]} Kd7 {[%clk 0:06:32]} 40. Rh1 {[%clk 0:13:18]} Ke7
{[%clk 0:05:01]} 41. Rh8 {[%clk 0:13:12]} f6 {[%clk 0:04:00]} 42. Rxg8
{[%clk 0:12:52]} Kf7 {[%clk 0:04:23]} 43. Bb3+ {[%clk 0:12:37]} 1-0

[Event "MMM"]
[Site "Galaxy Gesia 22a - Krakow"]
[Date "2022.06.18"]
[Round "5.26"]
[White "Szlosarczyk, Hubert"]
[Black "Galant, Ireneusz"]
[Result "1/2-1/2"]
[BlackElo "1822"]
[WhiteElo "1654"]
[LiveChessVersion "1.4.8"]

1. d4 {[%clk 1:30:21]} d6 {[%clk 1:29:32]} 2. c4 {[%clk 1:29:35]} e5
{[%clk 1:29:54]} 3. dxe5 {[%clk 1:27:20]} dxe5 {[%clk 1:30:21]} 4. Qxd8+
{[%clk 1:26:21]} Kxd8 {[%clk 1:30:49]} 5. Nf3 {[%clk 1:24:47]} f6
{[%clk 1:30:44]} 6. Bd2 {[%clk 1:23:06]} c6 {[%clk 1:30:43]} 7. e3
{[%clk 1:18:52]} Be6 {[%clk 1:26:14]} 8. Nc3 {[%clk 1:15:56]} Nd7
{[%clk 1:20:57]} 9. O-O-O {[%clk 1:13:43]} Bb4 {[%clk 1:17:47]} 10. Be2
{[%clk 1:09:58]} Nh6 {[%clk 1:08:50]} 11. h3 {[%clk 1:05:37]} Nf7
{[%clk 1:08:24]} 12. Ne4 {[%clk 1:02:00]} Be7 {[%clk 1:03:59]} 13. Bc3
{[%clk 0:56:11]} Kc7 {[%clk 1:02:22]} 14. Nfd2 {[%clk 0:52:36]} h5
{[%clk 0:57:02]} 15. f3 {[%clk 0:47:23]} f5 {[%clk 0:51:42]} 16. Ng3
{[%clk 0:45:39]} h4 {[%clk 0:48:14]} 17. Ngf1 {[%clk 0:45:48]} Nc5
{[%clk 0:44:14]} 18. b3 {[%clk 0:43:23]} Rhd8 {[%clk 0:42:53]} 19. Kc2
{[%clk 0:41:13]} Bf6 {[%clk 0:37:21]} 20. Nh2 {[%clk 0:37:21]} Rd7
{[%clk 0:30:52]} 21. f4 {[%clk 0:30:10]} e4 {[%clk 0:22:56]} 22. Nb1
{[%clk 0:28:22]} Rad8 {[%clk 0:21:22]} 23. Rxd7+ {[%clk 0:27:08]} Rxd7
{[%clk 0:21:35]} 24. Rd1 {[%clk 0:25:33]} Rxd1 {[%clk 0:21:11]} 25. Kxd1
{[%clk 0:24:35]} Bxc3 {[%clk 0:20:23]} 26. Nxc3 {[%clk 0:25:03]} g5
{[%clk 0:19:44]} 27. fxg5 {[%clk 0:24:22]} Nxg5 {[%clk 0:20:03]} 28. Kc2
{[%clk 0:23:31]} a5 {[%clk 0:18:16]} 29. Nf1 {[%clk 0:22:47]} Bd7
{[%clk 0:14:00]} 30. a3 {[%clk 0:21:22]} Nce6 {[%clk 0:13:28]} 31. g3
{[%clk 0:16:52]} hxg3 {[%clk 0:12:52]} 32. Nxg3 {[%clk 0:17:21]} Nxh3
{[%clk 0:12:55]} 33. Nxf5 {[%clk 0:16:36]} Neg5 {[%clk 0:09:29]} 34. Ng3
{[%clk 0:16:02]} Nf2 {[%clk 0:09:38]} 35. Kd2 {[%clk 0:14:44]} 1/2-1/2

[Event "MMM"]
[Site "Galaxy Gesia 22a - Krakow"]
[Date "2022.06.18"]
[Round "5.27"]
[White "Brylski, Pawel"]
[Black "Pietrzak, Wojciech"]
[Result "0-1"]
[BlackElo "1773"]
[WhiteElo "1958"]
[LiveChessVersion "1.4.8"]

1. e4 {[%clk 1:29:43]} c5 {[%clk 1:30:42]} 2. Nf3 {[%clk 1:28:38]} d6
{[%clk 1:30:49]} 3. d4 {[%clk 1:29:04]} cxd4 {[%clk 1:31:12]} 4. Nxd4
{[%clk 1:29:32]} Nf6 {[%clk 1:31:22]} 5. Nc3 {[%clk 1:29:57]} g6 {[%clk 1:31:39]}
6. f4 {[%clk 1:30:14]} Nfd7 {[%clk 1:31:36]} 7. Bc4 {[%clk 1:22:51]} Bg7
{[%clk 1:30:37]} 8. Be3 {[%clk 1:17:30]} O-O {[%clk 1:29:01]} 9. Bb3
{[%clk 1:07:59]} Nc6 {[%clk 1:26:45]} 10. O-O {[%clk 0:59:32]} Nc5
{[%clk 1:07:02]} 11. Nxc6 {[%clk 0:54:38]} bxc6 {[%clk 1:07:26]} 12. Bxc5
{[%clk 0:52:22]} dxc5 {[%clk 1:07:49]} 13. Qe2 {[%clk 0:47:34]} Qa5
{[%clk 1:01:43]} 14. e5 {[%clk 0:36:27]} Rb8 {[%clk 0:54:05]} 15. Ne4
{[%clk 0:27:41]} c4 {[%clk 0:50:51]} 16. Qxc4 {[%clk 0:25:05]} Ba6
{[%clk 0:47:49]} 17. Qxc6 {[%clk 0:24:10]} Bxf1 {[%clk 0:47:42]} 18. Rxf1
{[%clk 0:24:30]} Rfc8 {[%clk 0:41:06]} 19. Qd7 {[%clk 0:20:15]} Qb6+
{[%clk 0:34:23]} 20. Kh1 {[%clk 0:20:21]} Rc7 {[%clk 0:34:03]} 21. Qh3
{[%clk 0:17:34]} h6 {[%clk 0:28:06]} 22. f5 {[%clk 0:16:11]} Rd8 {[%clk 0:27:12]}
23. Qg3 {[%clk 0:13:15]} gxf5 {[%clk 0:23:04]} 24. Nf6+ {[%clk 0:05:32]} Kh8
{[%clk 0:20:11]} 25. Qf4 {[%clk 0:02:29]} exf6 {[%clk 0:16:32]} 26. exf6
{[%clk 0:02:53]} Bxf6 {[%clk 0:16:51]} 27. Qxh6+ {[%clk 0:03:19]} Kg8
{[%clk 0:17:15]} 28. Qg6+ {[%clk 0:03:31]} Bg7 {[%clk 0:17:02]} 29. Qxf5
{[%clk 0:02:08]} Qf6 {[%clk 0:13:15]} 30. Qb5 {[%clk 0:02:36]} a6
{[%clk 0:13:26]} 31. Qe2 {[%clk 0:02:53]} Rd2 {[%clk 0:13:03]} 32. Qe1
{[%clk 0:03:20]} Qg5 {[%clk 0:10:53]} 33. Qe4 {[%clk 0:02:00]} Rcd7
{[%clk 0:07:13]} 34. h3 {[%clk 0:02:07]} Be5 {[%clk 0:06:30]} 35. Qa8+
{[%clk 0:00:35]} Kg7 {[%clk 0:06:30]} 36. g4 {[%clk 0:00:41]} Rh2+
{[%clk 0:06:46]} 0-1

[Event "MMM"]
[Site "Galaxy Gesia 22a - Krakow"]
[Date "2022.06.18"]
[Round "5.28"]
[White "Matei, Adrian"]
[Black "Berezowski, Szymon"]
[Result "0-1"]
[BlackElo "1924"]
[WhiteElo "1792"]
[LiveChessVersion "1.4.8"]

1. e4 {[%clk 1:27:56]} c6 {[%clk 1:30:56]} 2. d4 {[%clk 1:28:07]} d5
{[%clk 1:31:23]} 3. Nc3 {[%clk 1:28:25]} dxe4 {[%clk 1:31:41]} 4. Nxe4
{[%clk 1:28:32]} Nf6 {[%clk 1:32:08]} 5. Nxf6+ {[%clk 1:26:55]} exf6
{[%clk 1:32:32]} 6. Nf3 {[%clk 1:25:32]} Bd6 {[%clk 1:32:48]} 7. Bd3
{[%clk 1:25:14]} O-O {[%clk 1:32:33]} 8. O-O {[%clk 1:25:36]} Bg4
{[%clk 1:31:56]} 9. Re1 {[%clk 1:25:04]} Nd7 {[%clk 1:31:35]} 10. Bd2
{[%clk 1:22:07]} Qc7 {[%clk 1:25:42]} 11. h3 {[%clk 1:22:08]} Bh5
{[%clk 1:25:57]} 12. c4 {[%clk 1:12:06]} Rfe8 {[%clk 1:25:30]} 13. Be4
{[%clk 1:05:47]} Nf8 {[%clk 1:17:55]} 14. Qc2 {[%clk 1:01:35]} f5
{[%clk 1:07:51]} 15. Bxf5 {[%clk 1:01:19]} Bxf3 {[%clk 1:08:20]} 16. gxf3
{[%clk 1:00:35]} g6 {[%clk 1:05:48]} 17. Bd3 {[%clk 1:00:10]} Bf4
{[%clk 0:50:11]} 18. Bc3 {[%clk 0:44:16]} Qd7 {[%clk 0:46:48]} 19. Bf1
{[%clk 0:36:54]} Ne6 {[%clk 0:42:17]} 20. Qd3 {[%clk 0:32:04]} Ng5
{[%clk 0:37:47]} 21. Bg2 {[%clk 0:28:51]} Nxh3+ {[%clk 0:35:44]} 22. Kf1
{[%clk 0:29:11]} Bc7 {[%clk 0:27:58]} 23. b4 {[%clk 0:22:29]} Nf4
{[%clk 0:26:33]} 24. Qd2 {[%clk 0:22:28]} Qf5 {[%clk 0:24:59]} 25. d5
{[%clk 0:13:21]} Qg5 {[%clk 0:24:39]} 26. Bh1 {[%clk 0:10:58]} Qh4
{[%clk 0:24:09]} 27. Kg1 {[%clk 0:10:57]} Ne2+ {[%clk 0:23:21]} 0-1

[Event "MMM"]
[Site "Galaxy Gesia 22a - Krakow"]
[Date "2022.06.18"]
[Round "6.1"]
[White "Golenia, Wojciech"]
[Black "Lewtak, Damian"]
[Result "*"]
[BlackElo "2388"]
[WhiteElo "2130"]
[LiveChessVersion "1.4.8"]

1. e4 {[%clk 1:30:56]} d6 {[%clk 1:30:52]} 2. d4 {[%clk 1:29:40]} Nf6
{[%clk 1:31:16]} 3. Nc3 {[%clk 1:30:01]} e5 {[%clk 1:31:37]} 4. Nf3
{[%clk 1:28:25]} Nbd7 {[%clk 1:30:41]} 5. Bc4 {[%clk 1:27:17]} Be7
{[%clk 1:31:03]} 6. O-O {[%clk 1:24:47]} O-O {[%clk 1:30:45]} 7. Re1
{[%clk 1:20:10]} c6 {[%clk 1:30:24]} 8. a4 {[%clk 1:19:49]} a5 {[%clk 1:30:48]}
9. h3 {[%clk 1:15:29]} Qc7 {[%clk 1:29:05]} 10. Be3 {[%clk 1:08:31]} Rb8
{[%clk 1:06:57]} 11. Qe2 {[%clk 1:02:27]} h6 {[%clk 1:03:11]} 12. Rad1
{[%clk 0:56:20]} Re8 {[%clk 0:59:57]} 13. dxe5 {[%clk 0:50:17]} dxe5
{[%clk 0:50:37]} 14. Nh4 {[%clk 0:47:29]} Nf8 {[%clk 0:49:24]} 15. Nf5
{[%clk 0:40:57]} Bxf5 {[%clk 0:47:54]} 16. exf5 {[%clk 0:40:40]} Bb4
{[%clk 0:48:18]} 17. g4 {[%clk 0:35:29]} Qe7 {[%clk 0:38:21]} 18. Qf3
{[%clk 0:26:25]} N6h7 {[%clk 0:25:41]} 19. Qg3 {[%clk 0:22:28]} b5
{[%clk 0:26:05]} 20. Bb3 {[%clk 0:21:56]} Bxc3 {[%clk 0:24:23]} 21. bxc3
{[%clk 0:21:36]} Ng5 {[%clk 0:23:43]} 22. f3 {[%clk 0:16:33]} bxa4
{[%clk 0:21:07]} 23. Bxa4 {[%clk 0:16:38]} Qa3 {[%clk 0:16:22]} 24. Ra1
{[%clk 0:05:53]} Qxc3 {[%clk 0:15:20]} 25. h4 {[%clk 0:05:53]} Ngh7
{[%clk 0:15:12]} 26. g5 {[%clk 0:05:50]} h5 {[%clk 0:11:55]} 27. Bb3
{[%clk 0:05:22]} g6 {[%clk 0:10:27]} 28. Qh3 {[%clk 0:03:41]} Qb4
{[%clk 0:09:41]} 29. fxg6 {[%clk 0:03:28]} Nxg6 {[%clk 0:07:36]} 30. Qf5
{[%clk 0:03:41]} Nxh4 {[%clk 0:04:45]} 31. Qxf7+ {[%clk 0:03:23]} Kh8
{[%clk 0:05:06]} *

[Event "MMM"]
[Site "Galaxy Gesia 22a - Krakow"]
[Date "2022.06.18"]
[Round "6.2"]
[White "Kowalski, Igor"]
[Black "Suder, Jakub"]
[Result "1/2-1/2"]
[BlackElo "2306"]
[WhiteElo "2356"]
[LiveChessVersion "1.4.8"]

1. d4 {[%clk 1:30:59]} d5 {[%clk 1:30:55]} 2. c4 {[%clk 1:31:25]} e6
{[%clk 1:31:19]} 3. Nc3 {[%clk 1:31:51]} a6 {[%clk 1:31:45]} 4. cxd5
{[%clk 1:32:02]} exd5 {[%clk 1:32:09]} 5. Bf4 {[%clk 1:32:28]} c6
{[%clk 1:32:34]} 6. e3 {[%clk 1:32:55]} Bd6 {[%clk 1:32:42]} 7. Qf3
{[%clk 1:32:53]} Ne7 {[%clk 1:28:51]} 8. h4 {[%clk 1:32:08]} Be6 {[%clk 1:24:33]}
9. Bd3 {[%clk 1:29:31]} c5 {[%clk 1:23:22]} 10. Nge2 {[%clk 1:25:04]} Nbc6
{[%clk 1:23:10]} 11. Rd1 {[%clk 1:16:50]} cxd4 {[%clk 1:21:56]} 12. exd4
{[%clk 1:17:00]} h5 {[%clk 1:18:29]} 13. Qg3 {[%clk 1:15:50]} Bxf4
{[%clk 1:14:17]} 14. Nxf4 {[%clk 1:16:03]} Qb6 {[%clk 1:05:41]} 15. Nxe6
{[%clk 1:12:18]} fxe6 {[%clk 1:06:00]} 16. Bg6+ {[%clk 1:12:44]} Nxg6
{[%clk 1:01:12]} 17. Qxg6+ {[%clk 1:13:02]} Kf8 {[%clk 1:01:37]} 18. O-O
{[%clk 0:44:38]} Rh6 {[%clk 1:00:27]} 19. Qg3 {[%clk 0:41:25]} Kg8
{[%clk 0:55:40]} 20. b3 {[%clk 0:39:22]} Rc8 {[%clk 0:53:14]} 21. Ne2
{[%clk 0:36:23]} Rf6 {[%clk 0:49:22]} 22. Qg5 {[%clk 0:35:21]} Rcf8
{[%clk 0:44:45]} 23. Ng3 {[%clk 0:29:47]} R8f7 {[%clk 0:40:05]} 24. Nxh5
{[%clk 0:22:56]} Rf5 {[%clk 0:39:18]} 25. Qg4 {[%clk 0:23:24]} Qa5
{[%clk 0:25:02]} 26. Ng3 {[%clk 0:17:08]} R5f6 {[%clk 0:24:09]} 27. Qe2
{[%clk 0:13:32]} Rh6 {[%clk 0:22:43]} 28. h5 {[%clk 0:12:11]} Rf4
{[%clk 0:21:10]} 29. Qe3 {[%clk 0:11:19]} Qc7 {[%clk 0:18:24]} 30. Rfe1
{[%clk 0:09:47]} 1/2-1/2

[Event "MMM"]
[Site "Galaxy Gesia 22a - Krakow"]
[Date "2022.06.18"]
[Round "6.4"]
[White "Lewicki, Miroslaw"]
[Black "Kulesza, Andrzej"]
[Result "1-0"]
[BlackElo "2024"]
[WhiteElo "2340"]
[LiveChessVersion "1.4.8"]

1. e4 {[%clk 1:30:59]} c5 {[%clk 1:30:17]} 2. Nf3 {[%clk 1:31:21]} d6
{[%clk 1:29:36]} 3. d4 {[%clk 1:31:46]} cxd4 {[%clk 1:28:48]} 4. Nxd4
{[%clk 1:32:11]} Nf6 {[%clk 1:28:04]} 5. Nc3 {[%clk 1:32:38]} a6 {[%clk 1:27:22]}
6. Be2 {[%clk 1:33:00]} e5 {[%clk 1:25:03]} 7. Nb3 {[%clk 1:33:23]} Be7
{[%clk 1:23:37]} 8. O-O {[%clk 1:33:46]} O-O {[%clk 1:21:49]} 9. Qd3
{[%clk 1:33:05]} Be6 {[%clk 1:14:31]} 10. Nd5 {[%clk 1:33:23]} Nxd5
{[%clk 1:12:17]} 11. exd5 {[%clk 1:33:49]} Bc8 {[%clk 1:12:36]} 12. f4
{[%clk 1:34:06]} f5 {[%clk 1:10:43]} 13. fxe5 {[%clk 1:34:24]} dxe5
{[%clk 1:10:58]} 14. c4 {[%clk 1:33:51]} e4 {[%clk 1:08:15]} 15. Qg3
{[%clk 1:33:08]} Nd7 {[%clk 1:02:33]} 16. Be3 {[%clk 1:26:31]} Nf6
{[%clk 0:58:07]} 17. Nd4 {[%clk 1:26:33]} Bd6 {[%clk 0:54:45]} 18. Qg5
{[%clk 1:22:45]} h6 {[%clk 0:35:10]} 19. Qg6 {[%clk 1:22:24]} Qe8
{[%clk 0:31:55]} 20. Qxe8 {[%clk 1:22:47]} Nxe8 {[%clk 0:32:21]} 21. Nb3
{[%clk 1:21:09]} g5 {[%clk 0:27:47]} 22. Rad1 {[%clk 1:20:20]} Be5
{[%clk 0:25:13]} 23. c5 {[%clk 1:14:07]} Nf6 {[%clk 0:24:01]} 24. Bd4
{[%clk 1:12:57]} Bxd4+ {[%clk 0:22:43]} 25. Rxd4 {[%clk 1:13:22]} f4
{[%clk 0:22:59]} 26. Na5 {[%clk 1:11:55]} Rf7 {[%clk 0:18:06]} 27. Nc4
{[%clk 1:10:15]} Rb8 {[%clk 0:15:36]} 28. Nd6 {[%clk 1:08:38]} Re7
{[%clk 0:15:52]} 29. Bc4 {[%clk 1:08:51]} Kg7 {[%clk 0:15:23]} 30. Nxc8
{[%clk 1:08:05]} Rxc8 {[%clk 0:15:46]} 31. b4 {[%clk 1:08:03]} Rd8
{[%clk 0:15:05]} 32. a4 {[%clk 1:07:44]} Re5 {[%clk 0:14:49]} 33. b5
{[%clk 1:07:00]} axb5 {[%clk 0:14:12]} 34. axb5 {[%clk 1:07:25]} e3
{[%clk 0:14:20]} 35. c6 {[%clk 1:07:05]} bxc6 {[%clk 0:14:35]} 36. bxc6
{[%clk 1:07:32]} Ne8 {[%clk 0:14:45]} 37. Rc1 {[%clk 1:05:15]} Re7
{[%clk 0:14:43]} 38. Be2 {[%clk 1:04:36]} Rd6 {[%clk 0:14:08]} 39. Bf3
{[%clk 1:02:48]} Nc7 {[%clk 0:13:14]} 40. Kf1 {[%clk 1:00:51]} Kf6
{[%clk 0:12:01]} 41. Rb1 {[%clk 1:00:40]} Rg7 {[%clk 0:09:09]} 42. Rb7
{[%clk 1:00:18]} Ke5 {[%clk 0:09:01]} 43. Re4+ {[%clk 0:58:38]} Kf5
{[%clk 0:09:26]} 44. Re8 {[%clk 0:56:40]} g4 {[%clk 0:01:11]} 45. Be4+
{[%clk 0:57:05]} Kf6 {[%clk 0:01:39]} 46. Rc8 {[%clk 0:56:01]} Re7
{[%clk 0:01:52]} 47. Rbxc7 {[%clk 0:51:43]} Rxe4 {[%clk 0:01:41]} 48. Rd7
{[%clk 0:52:01]} 1-0

[Event "MMM"]
[Site "Galaxy Gesia 22a - Krakow"]
[Date "2022.06.18"]
[Round "6.5"]
[White "Torngren, Gustav"]
[Black "Thiercelin, Jerome"]
[Result "1-0"]
[BlackElo "2016"]
[WhiteElo "2282"]
[LiveChessVersion "1.4.8"]

1. c4 {[%clk 1:29:37]} Nf6 {[%clk 1:30:50]} 2. Nf3 {[%clk 1:29:51]} g6
{[%clk 1:30:52]} 3. Nc3 {[%clk 1:29:39]} c5 {[%clk 1:30:50]} 4. e4
{[%clk 1:29:23]} d6 {[%clk 1:30:42]} 5. d4 {[%clk 1:29:40]} Na6 {[%clk 1:27:10]}
6. d5 {[%clk 1:28:53]} Bg7 {[%clk 1:27:14]} 7. h3 {[%clk 1:28:43]} Nd7
{[%clk 1:26:53]} 8. Bd3 {[%clk 1:27:19]} Nc7 {[%clk 1:26:55]} 9. O-O
{[%clk 1:24:10]} O-O {[%clk 1:25:46]} 10. Bf4 {[%clk 1:22:18]} Rb8
{[%clk 1:19:33]} 11. Qd2 {[%clk 1:22:01]} Re8 {[%clk 1:19:06]} 12. a4
{[%clk 1:16:51]} a6 {[%clk 1:19:04]} 13. Rad1 {[%clk 1:14:18]} f6
{[%clk 1:15:31]} 14. Bh2 {[%clk 1:13:11]} Nf8 {[%clk 1:15:24]} 15. Ne1
{[%clk 1:11:21]} Bd7 {[%clk 1:15:39]} 16. f4 {[%clk 1:09:40]} b5 {[%clk 1:14:41]}
17. e5 {[%clk 1:03:59]} bxc4 {[%clk 1:15:06]} 18. Bxc4 {[%clk 1:04:03]} Rb4
{[%clk 1:14:34]} 19. b3 {[%clk 1:04:03]} Kh8 {[%clk 1:13:40]} 20. e6
{[%clk 1:03:20]} Nfxe6 {[%clk 1:14:05]} 21. dxe6 {[%clk 1:03:42]} Bxe6
{[%clk 1:14:30]} 22. Bxe6 {[%clk 1:00:09]} Nxe6 {[%clk 1:14:53]} 23. Nc2
{[%clk 0:53:10]} Rxb3 {[%clk 1:13:41]} 24. f5 {[%clk 0:53:32]} Qa5
{[%clk 1:10:02]} 25. Nd5 {[%clk 0:38:52]} Qxd2 {[%clk 1:03:40]} 26. Rxd2
{[%clk 0:39:17]} Bh6 {[%clk 1:03:00]} 27. Re2 {[%clk 0:38:07]} Nd4
{[%clk 0:50:49]} 28. Nxd4 {[%clk 0:36:25]} cxd4 {[%clk 0:51:11]} 29. Bf4
{[%clk 0:34:10]} d3 {[%clk 0:48:48]} 30. Rd2 {[%clk 0:32:18]} Bxf4
{[%clk 0:48:22]} 31. Nxf4 {[%clk 0:29:17]} gxf5 {[%clk 0:47:10]} 32. Rxd3
{[%clk 0:29:37]} Rb4 {[%clk 0:47:12]} 33. a5 {[%clk 0:27:35]} Rb5
{[%clk 0:46:21]} 34. Rd5 {[%clk 0:27:26]} Reb8 {[%clk 0:46:40]} 35. Rc1
{[%clk 0:25:19]} e5 {[%clk 0:43:55]} 36. Rxb5 {[%clk 0:25:16]} Rxb5
{[%clk 0:43:32]} 37. Nh5 {[%clk 0:24:47]} Kg8 {[%clk 0:43:46]} 38. Rc7
{[%clk 0:25:01]} Rxa5 {[%clk 0:44:03]} 39. Nxf6+ {[%clk 0:25:18]} Kf8
{[%clk 0:44:27]} 40. Nxh7+ {[%clk 0:25:38]} Ke8 {[%clk 0:44:38]} 41. Nf6+
{[%clk 0:25:54]} Kf8 {[%clk 0:44:34]} 42. g4 {[%clk 0:22:11]} fxg4
{[%clk 0:44:48]} 43. hxg4 {[%clk 0:22:33]} Ra4 {[%clk 0:45:06]} 44. g5
{[%clk 0:21:44]} Rf4 {[%clk 0:45:12]} 45. Kg2 {[%clk 0:21:38]} a5
{[%clk 0:45:22]} 46. Kg3 {[%clk 0:21:38]} a4 {[%clk 0:45:47]} 47. Nh5
{[%clk 0:21:25]} Rf1 {[%clk 0:44:44]} 48. Kg4 {[%clk 0:17:00]} Rf7
{[%clk 0:43:38]} 49. Rc8+ {[%clk 0:15:48]} Ke7 {[%clk 0:44:02]} 50. Ra8
{[%clk 0:16:00]} e4 {[%clk 0:44:10]} 51. Rxa4 {[%clk 0:16:04]} d5
{[%clk 0:44:33]} 52. Ra7+ {[%clk 0:13:52]} Ke6 {[%clk 0:44:45]} 53. Nf4+
{[%clk 0:13:56]} 1-0

[Event "MMM"]
[Site "Galaxy Gesia 22a - Krakow"]
[Date "2022.06.18"]
[Round "6.6"]
[White "Melaa, Sondre"]
[Black "Chmiel, Marcin"]
[Result "*"]
[BlackElo "2207"]
[WhiteElo "2178"]
[LiveChessVersion "1.4.8"]

1. d4 {[%clk 1:30:19]} d5 {[%clk 1:30:38]} 2. c4 {[%clk 1:30:37]} c6
{[%clk 1:31:01]} 3. Nf3 {[%clk 1:30:55]} Nf6 {[%clk 1:31:24]} 4. Nc3
{[%clk 1:31:17]} e6 {[%clk 1:31:46]} 5. e3 {[%clk 1:31:05]} Nbd7 {[%clk 1:32:08]}
6. Qc2 {[%clk 1:31:11]} Bd6 {[%clk 1:32:28]} 7. Bd3 {[%clk 1:30:50]} O-O
{[%clk 1:32:33]} 8. O-O {[%clk 1:29:50]} dxc4 {[%clk 1:32:46]} 9. Bxc4
{[%clk 1:30:10]} b5 {[%clk 1:33:05]} 10. Be2 {[%clk 1:27:11]} Bb7
{[%clk 1:33:13]} 11. e4 {[%clk 1:25:52]} e5 {[%clk 1:33:35]} 12. dxe5
{[%clk 1:25:56]} Nxe5 {[%clk 1:33:53]} 13. Nd4 {[%clk 1:26:15]} Neg4
{[%clk 1:27:40]} 14. g3 {[%clk 1:26:17]} Bc5 {[%clk 1:24:14]} 15. Nf5
{[%clk 1:25:26]} Re8 {[%clk 1:19:40]} 16. Bf4 {[%clk 1:22:10]} Nxf2
{[%clk 1:10:52]} 17. Rxf2 {[%clk 1:20:41]} Bxf2+ {[%clk 1:07:01]} 18. Kxf2
{[%clk 1:21:00]} b4 {[%clk 1:07:02]} 19. Nd1 {[%clk 1:17:20]} Nxe4+
{[%clk 0:56:10]} 20. Kg1 {[%clk 1:17:22]} Ng5 {[%clk 0:40:11]} 21. Nf2
{[%clk 1:12:18]} c5 {[%clk 0:37:56]} 22. Nd6 {[%clk 1:02:52]} Rxe2
{[%clk 0:33:49]} 23. Qxe2 {[%clk 1:03:11]} Nf3+ {[%clk 0:33:14]} 24. Kg2
{[%clk 0:55:02]} Bd5 {[%clk 0:29:06]} 25. Qe3 {[%clk 0:52:07]} Nd4+
{[%clk 0:19:20]} 26. Kf1 {[%clk 0:49:55]} Qb6 {[%clk 0:10:57]} 27. Qd3
{[%clk 0:37:46]} Rd8 {[%clk 0:08:15]} 28. Nf5 {[%clk 0:36:00]} Qb7
{[%clk 0:05:55]} 29. Nxd4 {[%clk 0:35:08]} Bh1 {[%clk 0:05:19]} 30. Re1
{[%clk 0:29:03]} cxd4 {[%clk 0:04:50]} 31. Re2 {[%clk 0:28:19]} Qg2+
{[%clk 0:03:30]} 32. Ke1 {[%clk 0:28:47]} Qg1+ {[%clk 0:03:46]} 33. Kd2
{[%clk 0:29:15]} Rc8 {[%clk 0:02:53]} 34. Nd1 {[%clk 0:29:26]} Bd5
{[%clk 0:02:46]} 35. b3 {[%clk 0:27:52]} Qh1 {[%clk 0:02:09]} 36. Qxd4
{[%clk 0:25:49]} Bf3 {[%clk 0:01:16]} 37. Re1 {[%clk 0:20:40]} Qxh2+
{[%clk 0:01:35]} 38. Nf2 {[%clk 0:20:11]} h6 {[%clk 0:00:50]} 39. Be5
{[%clk 0:18:15]} Qh5 {[%clk 0:00:42]} 40. Re3 {[%clk 0:17:21]} Qf5
{[%clk 0:00:37]} 41. Nd3 {[%clk 0:16:05]} *